| 000 | 00959cam a2200205 4500500 | ||
|---|---|---|---|
| 005 | 20260201091033.0 | ||
| 041 | _afre | ||
| 042 | _adc | ||
| 100 | 1 | 0 |
_aMarlière, Éric _eauthor |
| 245 | 0 | 0 | _aLes « jeunes de cité » et la police : de la tension à l'émeute |
| 260 | _c2007. | ||
| 500 | _a19 | ||
| 520 | _aRésuméLes interactions entre « jeunes de cité » – quels que soient les parcours scolaires et professionnels – et forces de l’ordre ont toujours été très conflictuelles. Le contrôle de police est vécu comme une forme de répression et d’injustice par ces jeunes qui voient les policiers comme les garants d’un ordre social d’une société profondément injuste. | ||
| 690 | _ainjustice | ||
| 690 | _ajeunes | ||
| 690 | _apolice | ||
| 690 | _arévolte | ||
| 786 | 0 | _nEmpan | 67 | 3 | 2007-10-31 | p. 26-29 | 1152-3336 | |
| 856 | 4 | 1 | _uhttps://shs.cairn.info/revue-empan-2007-3-page-26?lang=fr&redirect-ssocas=7080 |
| 999 |
_c1640568 _d1640568 |
||